| 000 | 00702cab a22001935a 4500 | ||
|---|---|---|---|
| 001 | L158172 | ||
| 008 | 141002e2014 xxk 000 0 eng d | ||
| 035 | _a(Sirsi) u158172 | ||
| 041 | 0 | _aeng | |
| 110 | 2 |
_aLand Registry _95885 |
|
| 245 | 0 | 0 |
_aHistorical rights that could affect your property _h[electronic resource] |
| 260 |
_aLondon _bLand Registry _c2014 |
||
| 520 | _aDetails of certain rights that could affect land and property before the introduction of the Land Registration Act 2002. Includes a definition of mines and minerals and chancel repairs. | ||
| 590 | _aKA | ||
| 650 | 2 | 4 | _aLAND REGISTRATION ACT 2002 |
| 651 | 4 | _aENGLAND AND WALES | |
| 690 | _aPROPERTY ACQUISITION | ||
| 942 | _n0 | ||
| 999 |
_c84524 _d84524 |
||